[Event "RUS-ch Eurasia Cup op"]
[Site "Ekaterinburg"]
[Date "2018.08.03"]
[Round "3"]
[White "Chyndygyr, Tamerlan"]
[Black "Lobovikov, Iaroslav"]
[Result "1-0"]
[WhiteElo "1847"]
[BlackElo "1336"]
[PlyCount "71"]
[EventDate "2018.08.01"]
[EventType "swiss"]
[EventRounds "9"]
[EventCountry "RUS"]
[SourceTitle "CBM 185 Extra"]
[Source "ChessBase"]
[SourceDate "2018.07.29"]
[SourceVersion "1"]
[SourceVersionDate "2018.07.29"]
[SourceQuality "1"]

1. d4 c5 2. d5 e5 3. e4 d6 4. Nf3 Bg4 5. Nc3 a6 6. a4 Be7 7. Be2 Bxf3 8. Bxf3 Bg5 9. 0-0 Bxc1 10. Rxc1 Nf6 11. Qd2 0-0 12. h4 Ne8 13. g3 f5 14. exf5 Rxf5 15. Bg4 Rf8 16. Ne4 h6 17. Be6+ Kh8 18. Kg2 Nc7 19. Bh3 Qe7 20. Rce1 Nd7 21. c4 Nf6 22. Nc3 Nd7 23. f4 Rab8 24. Bxd7 Qxd7 25. fxe5 Rxf1 26. Rxf1 dxe5 27. Qe3 b5 28. b3 bxc4 29. bxc4 Qe7 30. Ne4 Qe8 31. Qxc5 Rb2+ 32. Kg1 Qg6 33. Rf8+ Kh7 34. Nf6+ gxf6 35. Qxc7+ Qg7 36. Rf7 1-0